000 00899 a2200217 4500
008 090218t xxu||||| |||| 00| 0 eng d
010 _aENG-85689
020 _c350.00
_a8178123585
035 _aEN-69222
037 _bD.B.Act / Pub
082 _a954
245 _aR. Gupta's popular master guide U.G.C. NET /SLET junior research fellows History, paper II and III and lectureship exam
_cedited by Sanjay Kumar and D. S. Tiwary
260 _aNew Delhi
_bRamesh Publishing House
_c2008
270 _a12-H, New Darya Ganj Road, Opp. Traffic Kotwali
_bNew Delhi
_cDelhi :
_e110002
_k23261647
_l23275124
_minfo@rameshpublishinghouse.com
300 _aviii, 755 p.
_c24 cm (pbk)
650 _aHistory
_zIndia
700 _aSanjay Kumar
700 _aTiwary, D. S.
942 _adpl
_cEN
_kRGU
_2ddc
_h954
999 _c3262
_d3262